00602nam a2200157 a 4500008004100000020001800041050001600059110001500075245011500090260006800205300002000273350001000293650004000303650004000343650006100383151013s2012 ||||||||||||||||| || u a9780821394519 aHD 1447 Glo aWorld Bank10aGlobal monitoring report 2012: food prices, nutrition, and the millennium development goalscBy The World Bank aWashington D.CbThe International Bank for Reconstructionc2012 axv, 169p.: ill. a29.95 aFOOD PRICES -- DEVELOPING COUNTRIES aFOOD SECURITY--DEVELOPING COUNTRIES aFOOD PRICES -- GOVERNMENT POLICY -- DEVELOPING COUNTRIES